| 000 | 00741nam a2200229Ii 4500 | ||
|---|---|---|---|
| 003 | JO-AjNU | ||
| 008 | 230605s9999||||xx |||||||||||||| ||und|| | ||
| 017 | _a1984/1110 | ||
| 040 |
_aJO-AjNU _bara _erda _cJO-AjNU |
||
| 041 | _aara | ||
| 050 | 1 | 4 | _aPJ7814.T9.M35 1984 |
| 100 | 3 |
_aتأليف عطوان،صباح, _eauthor _98766 |
|
| 245 | 0 | 0 | _aمملكة الشحاذين: مسرحية شعبية ذات خمس فصول |
| 250 | _aط1 | ||
| 264 | 3 | 1 | _aبغداد:المؤلف،1984 |
| 300 | _a156ص | ||
| 336 |
_atext _btxt _2rdacontent |
||
| 337 |
_aunmediated _bn _2rdamedia |
||
| 338 |
_avolume _bnc _2rdacarrier |
||
| 490 | 0 | _aمختارات من المسرح العراقي (1) | |
| 650 | 4 |
_aالأدب العربي - مسرح _98767 |
|
| 999 |
_aA956 _c4524 _d4524 |
||